1600 1262 1340 1232 1788 1061 1809 1849 1611 1003 1082 1535 1053 1397 1313 1000 1284 1461 1021 1206 1427 1658 1932 1431 1243 1949 1651 1220 1437 1452 1272 1664 1715 1180 1818 1547 1654 1481 1712 1127 1347 1281 1559 1703 1118 1746 1607 1948 1535 1059 1515 1597 1811 1755 1991 1478 1958 1336 1260 1512 1194 1770 1668 1123 1846 1555 1789 1531 1230 1122 1167 1559 1358 1642 1935 1997 1412 1930 1484 1283 1235 1692 1991 1623 1508 1441 1345 1801 1896 1321 1597 1960 1084 1089 1942 1899 1210 1199 1812 BCNSPRNW ULIB Ver.6.0+V

เปลี่ยนเป็นภาษาไทย

Change to English
 แสดงรายละเอียดบรรณานุกรม
  กลับหน้าหลัก

Brief Record : Get Marc (ISO 2709) : E-mail record : QR code < ปิดหน้าต่าง
LEADER : 00000nam 2200000uu 4500
001    13399114343
003     ULIB
008    120323s2552||||th 000 0 tha d
020    ^a9786117190100
090    ^aนว.^bศ441ส 2552
100 0  ^aศิรวัศยา
245 00 ^aสวรรค์สายสวาท/^cศิรวัศยา
250    ^aพิมพ์ครั้งที่ 1
260    ^aกรุงเทพฯ :^bอินเลิฟ,^c2552
300    ^a221 หน้า
710 1  ^aอินเลิฟ
945    ^p0^l0^i15909
995    ^aกัณชพร
999    ^aใช้งานได้ทุกระบบ
รายการนี้ยังไม่มีแท็ก
คุณยังไม่ได้ล็อกอิน คุณสามารถมีกิจกรรมร่วมกับเว็บไซต์ได้ แต่ต้องล็อกอินก่อน ::
  ล็อกอิน

รายการสื่อสารสนเทศ

ลำดับที่ ประเภท เลขเรียก/บาร์โค้ด สถานที่ สถานะ
1. นวนิยาย
นวนิยาย
นว. ศ441ส 2552  
  Barcode: 15909
ห้องสมุดวิทยาเขตสวรรค์ประชารักษ์
►นวนิยาย
บนชั้น
  ขอยืม

BibComment


ยังไม่เคยถูกคอมเมนท์

คอมเมนท์ทรัพยากรรายการนี้
  คอมเมนท์: สวรรค์สายสวาท ศิ..


 Copyright 2026. Bcnsprnw @Library